Obnova Parku na Kalinčiakovej

Bibliographic Details
Corporate Author: (red) (Author)
Format: Article
Language:Slovak

MARC

LEADER 00000nab a2200000 a 4500
001 vtls010706482
003 SK-MaSNL
005 20260304185511.0
008 250709s2012 xo |||||||||||||||||slo|
035 |a (urnnbn)urn:nbn:sk:snk:ar-a04186 
035 |a (uuid)625094ec-5674-48c3-8761-ed709e618f29 
035 |a urn:nbn:sk:snk-ab3asg 
040 |a SNKBUCL  |b slo  |c SNKBUCL  |e AACR2 
041 0 |a slo 
044 |a xo  |c SK 
245 0 0 |a Obnova Parku na Kalinčiakovej 
710 2 |a (red).  |4 aut  |9 1116002 
773 0 |t Lekárnické listy : odborno-informačný časopis Slovenskej lekárnickej komory  |g Roč. 14, č. 10 (2012), s. 35 
850 |a Slovenská národná knižnica 
852 |a Slovenská národná knižnica 
954 |a odborná, vedecká literatúra pôvodná (slovenská)  |2 lita 
958 |a article1 
958 |a OND 
958 |a EUIPO 
999 |c 3043855  |d 3045785